| 000 | 00895cam a2200229 4500 | ||
|---|---|---|---|
| 001 | ABS61639 | ||
| 008 | 000000n1999 000 0 eng u | ||
| 035 | _a(Sirsi) u103449 | ||
| 100 | _aBrewer, G. | ||
| 245 | 4 | _aThe day of reckoning for the final account | |
| 260 | _c1999 | ||
| 490 |
_aContract Journal _v 401(6254) 1 December 1999, 25(1) |
||
| 520 | _aConsiders the arrangements for final accounts and final certificates under JCT 98, which are now more complex. The contractor has to provide all the documentation relating to the contract not less than 6 months after completion. | ||
| 590 | _aABS | ||
| 650 | _aFINAL ACCOUNTS | ||
| 650 | _aFINAL CERTIFICATES | ||
| 650 | _aJCT STANDARD FORM OF BUILDING CONTRACT (1998 EDITION) | ||
| 650 | _aPRACTICAL COMPLETION | ||
| 650 | _aPENWITH DC V VP DEVELOPMENTS | ||
| 690 | _aBUILT ENVIRONMENT-BUILDING CONTRACT FORMS | ||
| 942 | _n0 | ||
| 999 |
_c62156 _d62156 |
||